000 00751cab a2200277 4500
001 ABS46239
008 090401t1992 xxu||||| |||| 00| 0 eng d
035 _a(Sirsi) u57298
041 _aeng
100 _aTaylor, N.
245 _aMapping the underworld
260 _c1992
350 _a0
490 _aMapping Awareness
_v6(3) April 1992, 21-23(3)
520 _aConsiders 3D mapping of buried services and its advantages.
650 _a3D BURIED SERVICE MAPPING
650 _a3D MAPPING
650 _aBURIED SERVICES
650 _aGIS
650 _aMAPPING
650 _aSTREETWORKS REGISTER
650 _aUtilities
_96272
690 _aMANAGEMENT-BUSINESS MANAGEMENT-INFORMATION MANAGEMENT
942 _n0
948 _c04/03/1997
999 _c34920
_d34920